| 000 | 00498nam a2200133 a 4500 | ||
|---|---|---|---|
| 008 | 120416s1967 ||||||||||||||||| || u | ||
| 050 | _aQC 174.12 Lin | ||
| 100 | _aLindsay, P. A | ||
| 245 | 1 | 0 | _aIntroduction to quantum mechanics for electrical engineers |
| 260 |
_aLondon _bMcGraw-Hill _c1967 |
||
| 300 | _axi, 240p. : ill | ||
| 350 | _a0.00 | ||
| 995 |
_D0.00 _FCBU-MAIN LIBRARY (Kitwe) _H1 _I6.00 _UAVAILABLE _ZAnnex Low-Usage Collection |
||
| 999 |
_c47972 _d47972 |
||